000 01061njm a22002777a 4500
005 20100915110840.0
006 a|||||r|||||00| 0
007 sd ammalaaahaa
008 100910t xxu||||| |||| 00| 0 eng d
028 _aECSD-2780
_bHis Master's voice
035 _aGR-02739
040 _aSED/VEN
100 _91184
_aJagjit Singh
245 _aNazm /
_hSound Recording
_cby Jagjit Singh ,lyric;Kafeel Aazer
246 _aआइना (लता मंगेशकर , मोहद रफ़ी)
260 _aDum Dum, India
_bHis Master's voice
_c1977
300 _a1 sound disc : [Gramophone Record]
_banalog, 33 1/3 rpm
_c12 in. (LP)
_fGramophone Records
500 _aBrief record.
500 _aHis Master's voice
500 _aOrange
505 _aPart 1Baat niklegi to door talak jayegi Part 2 Dard badhker fughan na ho jaye (Chitra singh)(Jigar Murada badi)
650 _xExcerpts
_zIndia
_919370
700 _aKafeel Aazer
_920029
942 _2ddc
_cGR
999 _c45863
_d45863